00291pab a2200121 454500008004000000100001900040245004100059260000900100300001100109362001200120650002200132773001500154180718b1987 xxu||||| |||| 00| 0 eng d aDang, Satyapal aPunjab problem and national question c1987 a6-8,34 a11 July aPunjab - Politics aMainstream